00195nam a2200085Ia 4500008004100000020001900041082001300060100001600073245002000089220622s9999 xx 000 0 und d a978-1741640540 aEJF WALK aWalker, Sue 0aSOMETHING FISHY